00643nam a2200181Ia 4500003000900000008004100009020002600050020002700076040001600103100003100119245005200150260003200202300002000234856006600254942000700320999001700327952011700344IN-BaIIA211028s9999 xx s 000 0 eng d a9780819445100 (Print) a9781510607859 (Online) cIIA Library aGuenther, Arthur H.940987 0aInternational Trends in Applied Opticsh[eBook] aWashington, USAbSPIEc2002 aOnline resource uhttps://doi.org/10.1117/3.2265059yClick Here to Access eBook cEB c22300d22300 00104070aBANbBANd2011-07-01eSPIEl0pEB1760r2021-11-05uhttps://doi.org/10.1117/3.2265059w2021-11-05yEB